Catalogue de la Bibliothèque de l'ENSA

Proceedings of the second general conference (notice nᵒ 34786)

détails MARC
000 -LEADER
fixed length control field 00564nam a22001697a 4500
005 - DATE AND TIME OF LATEST TRANSACTION
control field 20220717100517.0
037 ## - SOURCE D'ACQUISITION
Cote BC_361 50
Forme de support Broché
040 ## - SOURCE DU CATALOGAGE
Origine cataloguage BC-ENSA
Langue du catalogage fre
041 ## - CODE DE LANGUE
Langue Français
110 ## - AUTEUR MORAL
Nom de collectivité ASSOCIATION OF FACULTIES OF AGRICULTURE IN AFRICA
245 ## - MENTION DU TITRE
Titre Proceedings of the second general conference
260 ## - PUBLICATION, DIFFUSION, ETC. (ADRESSE BIBLIOGRAPHIQUE)
Lieu d'édition Cairo
Nom de l'éditeur Association of faculties of agriculture in africa
Année d'édition 1975
300 ## - DESCRIPTION MATÉRIELLE
Illustration ill.
Format 23 cm
562 ## - NOTE D'IDENTIFICATION DES EXEMPLAIRES ET VERSIONS
Numbre d' exemplaire 01 exemplaire(s)
942 ## - ADDED ENTRY ELEMENTS (KOHA)
Type document Ouvrage
650 ## - DESCRIPTEURS
Agrovoc AGRICULTURE/AFRICA/CONFERENCE/EGYPTE
Exemplaires
statut de retrait Statut emplacement permanent Localisation actuelle emplacement rayonnages Cote code à barre Koha type d'élément
  Exclu du prêt Bibliothèque Centrale Bibliothèque Centrale Magasin sous sol BC_361 50 BC_361 50 Ouvrage

Adresse: Ecole Nationale Supérieure Agronomique Hassen Badi - El Harrach Alger, Algérie

Tél +213 (0) 23 82 85 07+213 (0) 23 82 85 12 Fax +213 23 82 85 03/04 Courriel: bibliotheque@edu.ensa.dz